000 00542nam a22002057a 4500
003 OSt
005 20140310181941.0
008 121123t xxu||||| |||| 00| 0 eng d
020 _a088301758X
050 _aPR 4034
_b.Au933 1984
082 _aCLA
_bAu7p 1984
100 _aAusten, Jane
_93072
245 _aPride and prejudice /
_cJane Austen.
260 _aConecticut :
_bAcademic Industries, Inc.,
_c1984
300 _a61 p. ;
_b18 cm.
541 _j1
562 _e1
700 _aAusten, Jane
_93072
942 _2lcc
_cBBK
_iCLA
999 _c7676
_d7676